Welcome to CU Library Online Public Access Catalogue (OPAC)

The hope of the early church : (Record no. 6364)

MARC details
000 -LEADER
fixed length control field 00925cam a22002174a 4500
001 - CONTROL NUMBER
control field 13104396
005 - DATE AND TIME OF LATEST TRANSACTION
control field 20250609150936.0
008 - FIXED-LENGTH DATA ELEMENTS--GENERAL INFORMATION
fixed length control field 030226r20031991mau b 001 0 eng
020 ## - INTERNATIONAL STANDARD BOOK NUMBER
International Standard Book Number 1565637372 (pbk. : alk. paper)
050 00 - LIBRARY OF CONGRESS CALL NUMBER
Classification number BT819.5
Item number .D34 2003
082 00 - DEWEY DECIMAL CLASSIFICATION NUMBER
Classification number 236/.09/015
Edition information 21
100 1# - MAIN ENTRY--PERSONAL NAME
Personal name Daley, Brian E.,
Dates associated with a name 1940-
245 14 - TITLE STATEMENT
Title The hope of the early church :
Remainder of title a handbook of patristic eschatology /
Statement of responsibility, etc. Brian E. Daley.
260 ## - PUBLICATION, DISTRIBUTION, ETC.
Place of publication, distribution, etc. Peabody, Mass. :
Name of publisher, distributor, etc. Hendrickson Publishers,
Date of publication, distribution, etc. 2003.
300 ## - PHYSICAL DESCRIPTION
Extent xiv, 303 p. ;
Dimensions 23 cm.
500 ## - GENERAL NOTE
General note Originally published: Cambridge : Cambridge University Press, 1991.
650 #0 - SUBJECT ADDED ENTRY--TOPICAL TERM
Topical term or geographic name entry element Eschatology
General subdivision History of doctrines
Chronological subdivision Early church, ca. 30-600.
856 42 - ELECTRONIC LOCATION AND ACCESS
Materials specified Contributor biographical information
Uniform Resource Identifier <a href="http://www.loc.gov/catdir/enhancements/fy0706/2003042310-b.html">http://www.loc.gov/catdir/enhancements/fy0706/2003042310-b.html</a>
856 42 - ELECTRONIC LOCATION AND ACCESS
Materials specified Publisher description
Uniform Resource Identifier <a href="http://www.loc.gov/catdir/enhancements/fy0706/2003042310-d.html">http://www.loc.gov/catdir/enhancements/fy0706/2003042310-d.html</a>
942 ## - ADDED ENTRY ELEMENTS (KOHA)
Source of classification or shelving scheme Library of Congress Classification
Koha item type Books
Suppress in OPAC No
999 ## -
-- 6364
-- 6364
Holdings
Withdrawn status Lost status Source of classification or shelving scheme Damaged status Not for loan Collection Home library Current library Shelving location Date acquired Total checkouts Full call number Barcode Date last seen Copy number Price effective from Koha item type
    Library of Congress Classification     Non-fiction Undergraduate Library (Christ Temple) Undergraduate Library (Christ Temple) General stacks 06/09/2025   BT819.5.D34 DAL ulct00003120 06/09/2025 1 06/09/2025 Books
© 2023-2024 Copyright: Central University Libraries. All Rights Reserved | Created by: Mahone Tech Office